Sequence characterisation of homeobox gene isolated from the cambium xylem tissue of Hevea brasiliensis (Record no. 68609)

MARC details
000 -LEADER
fixed length control field 00554nam a2200145Ia 4500
100 ## - MAIN ENTRY--AUTHOR NAME
Personal name Arokiaraj P
245 #0 - TITLE STATEMENT
Title Sequence characterisation of homeobox gene isolated from the cambium xylem tissue of Hevea brasiliensis
260 ## - PUBLICATION, DISTRIBUTION, ETC. (IMPRINT)
Name of publisher Biotechnology and Rubber Tree : Proceedings of IRRDB Symposium 25-28 September 2001. CIRAD-CP/Rubber Programme, Montpellier, France
650 ## - SUBJECT ADDED ENTRY--TOPICAL TERM
Topical Term Hevea brasiliensis
650 ## - SUBJECT ADDED ENTRY--TOPICAL TERM
Topical Term Homeobox gene
650 ## - SUBJECT ADDED ENTRY--TOPICAL TERM
Topical Term Sequence characterisation
700 ## - ADDED ENTRY--PERSONAL NAME
Personal name Jones H
942 ## - ADDED ENTRY ELEMENTS (KOHA)
Koha item type Journals
Holdings
Withdrawn status Lost status Damaged status Not for loan Home library Current library Shelving location Date acquired Koha item type
      Journals RRII Library RRII Library Biotechnology 01/01/2021 Journals